书目信息 |
| 题名: |
电影音乐鉴赏
|
|
| 作者: | 胡企平 编著 | |
| 分册: | ||
| 出版信息: | 上海 上海音乐出版社 2021.1 |
|
| 页数: | 203页 | |
| 开本: | 26cm | |
| 丛书名: | ||
| 单 册: | ||
| 中图分类: | J617.6 | |
| 科图分类: | ||
| 主题词: | 电影音乐--音乐欣赏 | |
| 电子资源: | ||
| ISBN: | 978-7-5523-1593-6 | |
| 000 | 00871nam0 2200253 45 | |
| 001 | 012001001413 | |
| 005 | 20130912105749.0 | |
| 010 | @a978-7-5523-1593-6@dCNY68.00 | |
| 100 | @a20210315d2021 em y0chiy0110 ea | |
| 101 | 0 | @achi |
| 102 | @aCN@b310000 | |
| 105 | @aag z 000yy | |
| 106 | @ar | |
| 200 | 1 | @a电影音乐鉴赏@Adian ying yin yue jian shang@dFilm music appreciation@f胡企平编著@zeng |
| 210 | @a上海@c上海音乐出版社@d2021.1 | |
| 215 | @a203页@c图,照片@d26cm | |
| 300 | @a并列题名:Film music appreciation | |
| 330 | @a本书主要内容包括:史诗类叙事片、人的类叙事片、战争片、科幻片、伦理片、警匪片、西部片、灾难片、喜剧片、动物片、歌舞片等。 | |
| 510 | 1 | @aFilm music appreciation@zeng |
| 606 | 0 | @a电影音乐@x音乐欣赏 |
| 690 | @aJ617.6@v5 | |
| 701 | 0 | @a胡企平@Ahu qi ping@4编著 |
| 801 | @aCN@b江苏凤凰@c20211018 | |
| 905 | @b1343404-7@dJ617.6@e1335@f4 | |
| 电影音乐鉴赏=Film music appreciation/胡企平编著.-上海:上海音乐出版社,2021.1 |
| 203页:图,照片;26cm |
| 并列题名:Film music appreciation |
| ISBN 978-7-5523-1593-6:CNY68.00 |
| 本书主要内容包括:史诗类叙事片、人的类叙事片、战争片、科幻片、伦理片、警匪片、西部片、灾难片、喜剧片、动物片、歌舞片等。 |
| ● |
| 相关链接 |
|
|
|
|
正题名:电影音乐鉴赏
索取号:J617.6/1335
 
预约/预借
| 序号 | 登录号 | 条形码 | 馆藏地/架位号 | 状态 | 备注 |
| 1 | 1343404 | 213434041 | 第一样本阅览室/ [索取号:J617.6/1335] | 在馆 | |
| 2 | 1343405 | 213434050 | 第一借阅区/ [索取号:J617.6/1335] | 在馆 | |
| 3 | 1343406 | 213434069 | 第一借阅区/ [索取号:J617.6/1335] | 在馆 | |
| 4 | 1343407 | 213434078 | 第一借阅区/ [索取号:J617.6/1335] | 在馆 |